[Event "78th UKR-ch"]
[Site "Alushta UKR"]
[Date "2009.05.17"]
[Round "7"]
[White "Nyzhnyk, Illya"]
[WhiteElo "2499"]
[Black "Pavlov, Maxim"]
[BlackElo "2353"]
[Result "1/2-1/2"]
[EventDate "2009.05.10"]
[PlyCount "59"]

1. e4 c5 2. Nf3 d6 3. d4 cxd4 4. Nxd4 Nf6 5. f3 e6 6. c4 Be7 7. Nc3 O-O 8. Be3
Nbd7 9. Be2 d5 10. cxd5 exd5 11. O-O dxe4 12. fxe4 Bc5 13. Na4 Nxe4 14. Bf3 Ng5
15. Bg4 Bxd4 16. Qxd4 Ne6 17. Qb4 Ne5 18. Bxe6 18... Bxe6 $11 19. Nc5 Nd3 20.
Qxb7 Nxc5 21. Bxc5 Qc8 22. Qb4 Rd8 23. Rac1 Qd7 24. b3 Qd2 25. Qxd2 Rxd2 26.
Rf2 Rd5 27. Rfc2 h5 28. Be3 a6 29. Rc5 a5 30. Rxd5 1/2-1/2

[Event "78th UKR-ch"]
[Site "Alushta UKR"]
[Date "2009.05.17"]
[Round "7"]
[White "Yakymov, Volodymyr"]
[WhiteElo "2453"]
[Black "Dolhopolov, Oleksandr"]
[BlackElo "2268"]
[Result "1-0"]
[EventDate "2009.05.10"]
[PlyCount "77"]

1. e4 c5 2. Nc3 a6 3. g3 b5 4. Bg2 Bb7 5. d3 e6 6. Be3 b4 7. Nce2 d5 8. e5 Nc6
9. f4 Nh6 10. Nf3 Nf5 11. Bf2 h5 12. h3 Be7 13. O-O Qb6 14. a3 a5 15. Nd2 g6
16. c3 bxa3 17. bxa3 Kf8 18. c4 d4 19. Rb1 Qa6 20. Rb5 Nd8 21. Ne4 Qa7 22. Nd2
Bxg2 23. Kxg2 a4 24. Qb1 Kg7 25. Ne4 Qc7 26. Qb2 Nc6 27. Rb1 Na5 28. Nc1 g5 29.
fxg5 Qxe5 30. Qc2 Nc6 31. Qe2 Rac8 32. h4 Bd6 33. Qf3 Nce7 34. Ne2 Ng6 35. Kf1
Bb8 36. Rb7 Bc7 37. R1b5 Bd6 38. Nxd4 Be7 39. Nc2 1-0

[Event "78th UKR-ch"]
[Site "Alushta UKR"]
[Date "2009.05.17"]
[Round "7"]
[White "Dmitrenko, Viktor"]
[WhiteElo "2338"]
[Black "Truskavetsky, Alexandr"]
[BlackElo "2391"]
[Result "1-0"]
[EventDate "2009.05.10"]
[PlyCount "89"]

1. d4 Nf6 2. Nf3 c5 3. d5 b5 4. Bg5 d6 5. Bxf6 exf6 6. e4 a6 7. a4 b4 8. c3
bxc3 9. Nxc3 Be7 10. Bd3 O-O 11. Qc2 Bg4 12. Nd2 a5 13. h3 Bc8 14. O-O Na6 15.
Bb5 Nb4 16. Qb1 g6 17. Nc4 f5 18. e5 dxe5 19. Nxe5 Bf6 20. Re1 Qc7 21. Nc4 $11
21... Bb7 22. Qd1 Rad8 23. d6 Qb8 24. Qe2 Ba8 25. Rad1 Bd4 26. Qe7 Nd5 27. Nxd5
Bxd5 28. Rxd4 cxd4 29. d7 Bxc4 30. Bxc4 Qc7 31. Bb5 d3 32. Rd1 d2 33. b3 f4 34.
Qe2 Rxd7 35. Bxd7 Qxd7 36. Qxd2 Qf5 37. Qd5 Qxd5 38. Rxd5 Rb8 39. Rb5 Ra8 40.
Kf1 h6 41. h4 Kg7 42. Ke2 Kf6 43. Kf3 g5 44. hxg5+ hxg5 45. Kg4 1-0

[Event "78th UKR-ch"]
[Site "Alushta UKR"]
[Date "2009.05.17"]
[Round "7"]
[White "Trehubov, Vadym"]
[WhiteElo "2237"]
[Black "Kislinsky, Alexey"]
[BlackElo "2455"]
[Result "0-1"]
[EventDate "2009.05.10"]
[PlyCount "68"]

1. e4 c5 2. Nf3 Nc6 3. d4 cxd4 4. Nxd4 g6 5. Nc3 Bg7 6. Be3 Nf6 7. Bc4 O-O 8.
Bb3 d6 9. f3 Bd7 10. Qd2 Rc8 11. h4 h5 12. O-O-O Ne5 13. g4 hxg4 14. h5 Nxh5
15. Bh6 e6 16. Rdg1 Qf6 17. Bxg7 Qxg7 18. fxg4 Nf6 19. Nf5 exf5 20. gxf5 Nf3
21. Qf4 Nxg1 22. Rxg1 Kh8 23. Rh1+ Nh5 24. Nd5 Be6 25. Ne7 Bxb3 26. axb3 Rce8
27. Qxd6 Rxe7 28. Qxe7 Kg8 29. Qxb7 Qd4 30. Kb1 Ng3 31. Rh3 Qxe4 32. Qc7 Nxf5
33. Qh2 Qd4 34. c3 Qf6 0-1

[Event "78th UKR-ch"]
[Site "Alushta UKR"]
[Date "2009.05.17"]
[Round "7"]
[White "Shtanko, Dmitry"]
[WhiteElo "2311"]
[Black "Nosenko, Olexandr"]
[BlackElo "2498"]
[Result "1/2-1/2"]
[EventDate "2009.05.10"]
[PlyCount "70"]

1. e4 Nf6 2. e5 Nd5 3. d4 d6 4. Nf3 Bg4 5. Be2 e6 6. O-O Be7 7. c4 Nb6 8. Nc3
O-O 9. b3 Nc6 10. exd6 cxd6 11. a4 a5 12. Nb5 Nd7 13. h3 Bf5 14. d5 exd5 15.
Qxd5 Bg6 16. Bf4 Nc5 17. Nxd6 Nxb3 18. Rad1 Bxd6 19. Bxd6 Re8 20. Bd3 Nb4 21.
Bxb4 Qxd5 22. cxd5 axb4 23. Bxg6 hxg6 24. Rb1 Nc5 25. Rxb4 Rxa4 26. Rb5 Rc4 27.
Rd1 f6 28. d6 Rd8 29. Rd5 $11 29... Rc1+ 30. Kh2 Ne4 31. Rxb7 Rxd6 32. Rxd6
Nxd6 33. Rb2 Ne4 34. g4 g5 35. h4 gxh4 1/2-1/2

[Event "78th UKR-ch"]
[Site "Alushta UKR"]
[Date "2009.05.17"]
[Round "7"]
[White "Bernadskyi, Vitalii"]
[WhiteElo "2327"]
[Black "Finherov, Dmytro"]
[BlackElo "2381"]
[Result "1/2-1/2"]
[EventDate "2009.05.10"]
[PlyCount "125"]

1. e4 e6 2. d4 d5 3. Nd2 h6 4. Ngf3 Nf6 5. Bd3 c5 6. dxc5 Bxc5 7. O-O O-O 8. e5
Nfd7 9. c4 Nc6 10. Qe2 f6 11. exf6 Qxf6 12. Nb3 Bd6 13. Be3 Nde5 14. Nxe5 Bxe5
15. Bc5 Rd8 16. f4 Bxb2 17. Rab1 Bc3 18. f5 exf5 19. cxd5 Ne5 20. Be4 Re8 21.
Qc2 Ng4 22. Bxf5 Bxf5 23. Rxf5 Qh4 24. h3 Ne3 25. Bxe3 Rxe3 26. Rbf1 Rd8 27. d6
Qe4 28. Qxe4 Rxe4 29. Rd5 b6 30. Rf3 Bf6 31. d7 Re7 32. Rfd3 Kf7 33. a4 Be5 34.
Nd2 Ke6 35. Nf3 Bc7 36. Re3+ Kxd5 37. Rxe7 g5 38. Rh7 Bf4 39. Kf2 g4 40. hxg4
Kd6 41. g3 Bc1 42. Nd4 Rxd7 43. Nb5+ Ke6 44. Rxd7 Kxd7 45. Nxa7 Kd6 46. Kf3 Kc5
47. Nc8 Bd2 48. Ke4 Be1 49. Kf4 Bf2 50. Kf3 Be1 51. Kg2 Ba5 52. Ne7 Kb4 53. Nf5
Kxa4 54. Nxh6 b5 55. Nf5 b4 56. Ne3 b3 57. Nd1 Kb5 58. Kf3 Kc6 59. Ke4 Kd7 60.
g5 Bd2 61. Kf5 Ke7 62. Nb2 Kf7 63. g6+ 1/2-1/2

[Event "78th UKR-ch"]
[Site "Alushta UKR"]
[Date "2009.05.17"]
[Round "7"]
[White "Budnikov, Oleg"]
[WhiteElo "2408"]
[Black "Stolpovskyi, Serhii"]
[BlackElo "2151"]
[Result "1/2-1/2"]
[EventDate "2009.05.10"]
[PlyCount "93"]

1. e4 e5 2. Nf3 Nc6 3. Bb5 a6 4. Ba4 Nf6 5. O-O Be7 6. d4 b5 7. Bb3 d6 8. c3
O-O 9. h3 Bb7 10. Re1 Re8 11. Nbd2 Bf8 12. Nf1 Na5 13. d5 Nxb3 14. axb3 g6 15.
Bg5 Bg7 16. b4 Qd7 17. Qd3 Nh5 18. N3d2 h6 19. Be3 f5 20. f3 Nf6 21. c4 c6 22.
cxb5 axb5 23. dxc6 Bxc6 24. Bf2 d5 25. exf5 gxf5 26. Nb3 Nh5 27. Na5 Nf4 28.
Qd2 Rac8 29. Be3 Qd6 30. Nxc6 Qxc6 31. Bxf4 exf4 32. Qxf4 Bxb2 33. Rad1 Rxe1
34. Rxe1 Qb6+ 35. Kh1 Qf2 36. Rd1 Rc2 37. Qg3+ Kf7 38. Qxf2 Rxf2 39. Kg1 Re2
40. Rxd5 Ke6 41. Rxb5 Bd4+ 42. Kh2 Re1 43. Ng3 Bg1+ 44. Kh1 Bd4+ 45. Kh2 Bg1+
46. Kh1 Bd4+ 47. Kh2 1/2-1/2

[Event "78th UKR-ch"]
[Site "Alushta UKR"]
[Date "2009.05.17"]
[Round "7"]
[White "Kariaka, Anatolii"]
[WhiteElo "2126"]
[Black "Dolzhykova, Kateryna"]
[BlackElo "2291"]
[Result "0-1"]
[EventDate "2009.05.10"]
[PlyCount "104"]

1. d4 d5 2. c4 c6 3. Nc3 Nf6 4. e3 e6 5. Nf3 Nbd7 6. b3 Bd6 7. Be2 O-O 8. O-O
Ne4 9. Bb2 f5 10. g3 b6 11. Ne1 Bb7 12. Ng2 Qe7 13. Rc1 Ndf6 14. f3 Nxc3 15.
Bxc3 c5 16. Qd2 Rad8 17. Bd3 Kh8 18. Rcd1 e5 19. Bxf5 cxd4 20. exd4 exd4 21.
Bb2 dxc4 22. bxc4 Bc5 23. Rde1 Qd6 24. Re6 Qc7 25. Nf4 Bc8 26. Bd3 Bd6 27. Rxf6
gxf6 28. Nd5 Qg7 29. Bxd4 Bc5 30. Bxc5 bxc5 31. Qf2 Bh3 32. Rd1 Rc8 33. Be4 Be6
34. Qc2 f5 35. Nf4 Qe7 36. Nxe6 Qxe6 37. Qc3+ Qf6 38. Qxf6+ Rxf6 39. Bc2 Re8
40. Kf2 Rb6 41. Bb3 Rbe6 42. Rd2 Kg7 43. f4 Kf6 44. Bd1 Re4 45. Rc2 R8e6 46.
Bf3 Rd4 47. Bd5 Ra6 48. Ke2 Ra3 49. Bf3 Rd6 50. Bb7 Rb6 51. Bc8 Rb1 52. Rd2 Rh1
0-1

[Event "78th UKR-ch"]
[Site "Alushta UKR"]
[Date "2009.05.17"]
[Round "7"]
[White "Melnichuk, Mikhail"]
[WhiteElo "2276"]
[Black "Cherednichenko, Svetlana"]
[BlackElo "2361"]
[Result "1/2-1/2"]
[EventDate "2009.05.10"]
[PlyCount "45"]

1. d4 Nf6 2. c4 g6 3. Nc3 Bg7 4. e4 d6 5. Nf3 O-O 6. Be3 e5 7. dxe5 dxe5 8.
Qxd8 Rxd8 9. Nd5 Nxd5 10. cxd5 c6 11. Bc4 b5 12. Bb3 Bb7 13. Rc1 h6 14. O-O a5
15. a3 Ra6 16. Rfd1 a4 17. dxc6 Nxc6 18. Bd5 Rd7 19. Rc5 b4 20. Rb5 bxa3 21.
bxa3 Na5 22. g3 Bc6 23. Rb8+ 1/2-1/2

[Event "78th UKR-ch"]
[Site "Alushta UKR"]
[Date "2009.05.17"]
[Round "7"]
[White "Tishin, Dmitry"]
[WhiteElo "2299"]
[Black "Golovany, Andrei"]
[BlackElo "2280"]
[Result "1/2-1/2"]
[EventDate "2009.05.10"]
[PlyCount "111"]

1. d4 Nf6 2. c4 e6 3. Nf3 Bb4+ 4. Bd2 c5 5. g3 Qb6 6. Qb3 Nc6 7. Bxb4 cxb4 8.
c5 Qc7 9. Nbd2 b6 10. Bg2 bxc5 11. dxc5 Ba6 12. Qa4 Qa5 13. Qxa5 Nxa5 14. a3 b3
15. Nd4 Rb8 16. Rc1 O-O 17. Rc3 Rfc8 18. N4xb3 Nxb3 19. Nxb3 d5 20. e3 Rc7 21.
c6 Rb6 22. Nc5 Rcxc6 23. b4 Nd7 24. Na4 Bb5 25. Nc5 Ba6 26. Na4 Rxc3 27. Nxc3
Ne5 28. Na4 Rb8 29. Nc5 Bb5 30. Kd2 a5 31. Ra1 Ra8 32. bxa5 Rxa5 33. Kc3 Be8
34. Nb3 Ra7 35. Bf1 Rc7+ 36. Kb2 Ng4 37. Rc1 Rxc1 38. Kxc1 Nxf2 39. Nc5 Kf8 40.
a4 Ke7 41. a5 Kd6 42. Nb7+ Kc7 43. a6 Kb6 44. Nd6 Bd7 45. Nxf7 Bc8 46. Nd6 Bxa6
47. Bxa6 Kxa6 48. Ne8 Kb6 49. Nxg7 e5 50. Kd2 Ng4 51. h3 Nf2 52. Nh5 Ne4+ 53.
Ke2 Kc5 54. g4 d4 55. exd4+ Kxd4 56. Ng7 1/2-1/2

[Event "78th UKR-ch"]
[Site "Alushta UKR"]
[Date "2009.05.17"]
[Round "7"]
[White "Stets, Vasilij"]
[WhiteElo "2245"]
[Black "Kuzmin, Gennady"]
[BlackElo "2443"]
[Result "0-1"]
[EventDate "2009.05.10"]
[PlyCount "106"]

1. e4 c5 2. Nc3 Nc6 3. Bb5 Nd4 4. a4 e6 5. f4 a6 6. Be2 d5 7. Nf3 Ne7 8. d3
Nec6 9. O-O Be7 10. Ne5 Nb4 11. Bh5 g6 12. Bf3 Ndxc2 13. Rb1 f6 14. Ng4 d4 15.
Na2 Nxa2 16. Qxc2 Nxc1 17. Rbxc1 O-O 18. e5 f5 19. Nf6+ Kh8 20. g4 fxg4 21.
Bxg4 Bxf6 22. exf6 b6 23. a5 Rxf6 24. axb6 Qxb6 25. Qxc5 Qxc5 26. Rxc5 Bb7 27.
Bf3 Bxf3 28. Rxf3 Rb8 29. Rf2 Rb3 30. Ra5 Rxd3 31. Rxa6 Kg7 32. Rd6 Rd1+ 33.
Kg2 Kh6 34. b4 Kh5 35. h3 g5 36. f5 Rxf5 37. Rxe6 Rxf2+ 38. Kxf2 Rd3 39. Re4
Rxh3 40. Rxd4 Rb3 41. Rd7 h6 42. Rd4 g4 43. Kg2 Kh4 44. Rd2 Rxb4 45. Ra2 h5 46.
Rc2 Rb5 47. Ra2 Kg5 48. Rc2 h4 49. Ra2 h3+ 50. Kg3 Rb3+ 51. Kh2 Kh4 52. Ra4
Rb2+ 53. Kg1 Re2 0-1

[Event "78th UKR-ch"]
[Site "Alushta UKR"]
[Date "2009.05.17"]
[Round "7"]
[White "Bogdanovich, Stanislav"]
[WhiteElo "2414"]
[Black "Mukhtarov, Leonid"]
[BlackElo "2115"]
[Result "1/2-1/2"]
[EventDate "2009.05.10"]
[PlyCount "98"]

1. e4 c5 2. Nf3 Nc6 3. d4 cxd4 4. Nxd4 Nf6 5. Nc3 d6 6. Be2 g6 7. Be3 Bg7 8.
O-O O-O 9. h3 d5 10. exd5 Nb4 11. d6 Qxd6 12. Ndb5 Qb8 13. Bf3 Bf5 14. Nd4 Rd8
15. Qe2 Nfd5 16. Nxf5 gxf5 17. Bg5 Nxc3 18. bxc3 Nc6 19. Bxc6 bxc6 20. Qxe7 Re8
21. Qd7 Bxc3 22. Rad1 Qc8 23. Qd3 Bg7 24. Rfe1 Re6 25. g3 c5 26. Kh2 Qe8 27.
Rf1 Qa4 28. Qxf5 Qxa2 29. Qxc5 a5 30. Rd7 Ree8 31. Be3 Rac8 32. Qg5 Qe6 33. Ra7
Rxc2 34. Kg1 Qxh3 35. Rxa5 Qe6 36. Bd4 Qg6 37. Qb5 Rce2 38. Bxg7 Kxg7 39. Qb4
h6 40. Rd1 R8e4 41. Qc3+ Qf6 42. Qxf6+ Kxf6 43. Rd3 Re5 44. Rf3+ Kg6 45. Ra6+
Re6 46. Ra4 R2e4 47. Ra2 Re2 48. Ra4 R2e4 49. Ra2 Re2 1/2-1/2

[Event "78th UKR-ch"]
[Site "Alushta UKR"]
[Date "2009.05.17"]
[Round "7"]
[White "Razin, Vadim"]
[WhiteElo "2284"]
[Black "Khazankin, Moisei"]
[BlackElo "2134"]
[Result "0-1"]
[EventDate "2009.05.10"]
[PlyCount "58"]

1. d4 Nf6 2. Nf3 c5 3. d5 b5 4. Bg5 Qb6 5. e3 d6 6. Bxf6 exf6 7. Nbd2 f5 8. a4
Bd7 9. axb5 Bxb5 10. c4 Bd7 11. Qc2 Be7 12. Bd3 g6 13. Qc3 O-O 14. h4 Qd8 15.
h5 Bf6 16. Qc1 Qb6 17. Rb1 Na6 18. g3 Nb4 19. Bc2 Na2 20. Qd1 Bxb2 21. Ng5 Nc3
22. Qf3 Nxb1 23. hxg6 fxg6 24. Rxh7 Nxd2 25. Qh1 Nf3+ 26. Nxf3 Bg7 27. Ng5 Rf7
28. Qh4 Qb2 29. Bd1 Qa1 0-1

[Event "78th UKR-ch"]
[Site "Alushta UKR"]
[Date "2009.05.17"]
[Round "7"]
[White "Andrieiev, Volodymyr"]
[WhiteElo "1950"]
[Black "Baranov, Yuriy"]
[BlackElo "2173"]
[Result "1/2-1/2"]
[EventDate "2009.05.10"]
[PlyCount "80"]

1. e4 c6 2. d4 d5 3. e5 Bf5 4. Nc3 e6 5. g4 Bg6 6. Nge2 f6 7. Nf4 fxe5 8. Nxg6
hxg6 9. dxe5 Nd7 10. Bf4 Qb6 11. Qd3 Ne7 12. O-O-O O-O-O 13. Qd4 c5 14. Qa4 a6
15. Bg2 c4 16. Be3 Qc7 17. f4 Nc5 18. Bxc5 Qxc5 19. b4 cxb3 20. Qxb3 Nc6 21.
Na4 Qa5 22. c4 b5 23. cxd5 bxa4 24. Qc4 Ba3+ 25. Kc2 Qc5 26. Qxc5 Bxc5 27. dxc6
Rxd1 28. Kxd1 Be3 29. f5 gxf5 30. gxf5 exf5 31. h4 g5 32. Rh3 Bd4 33. hxg5 Bxe5
34. Rxh8+ Bxh8 35. Bh3 Kc7 36. Bxf5 Kxc6 37. Ke2 Kd6 38. Kf3 Ke7 39. g6 Bb2 40.
Ke4 Kf8 1/2-1/2

[Event "78th UKR-ch"]
[Site "Alushta UKR"]
[Date "2009.05.17"]
[Round "7"]
[White "Loy, Konstantin"]
[WhiteElo "2123"]
[Black "Veremiy, Bogdan"]
[BlackElo "2239"]
[Result "0-1"]
[EventDate "2009.05.10"]
[PlyCount "104"]

1. e4 c5 2. Nc3 Nc6 3. Nf3 g6 4. d4 cxd4 5. Nxd4 Bg7 6. Be3 Nf6 7. Bc4 O-O 8.
Bb3 d6 9. f3 Bd7 10. h4 a5 11. Qd2 a4 12. Bc4 Ne5 13. Be2 a3 14. b3 Qa5 15. Rd1
Rfc8 16. Nb1 Nc6 17. c4 Nh5 18. Qxa5 Nxa5 19. g4 Ng3 20. Rg1 Nxe2 21. Kxe2 Nc6
22. Nc3 Nb4 23. Rd2 Ra5 24. Ndb5 Bxc3 25. Nxc3 b5 26. Nd5 Nxd5 27. cxd5 b4 28.
Bd4 Raa8 29. Kd1 e5 30. dxe6 fxe6 31. Rc2 $11 31... e5 32. Be3 Bb5 33. Rxc8+
Rxc8 34. Bd2 Bd3 35. Re1 Rb8 36. Kc1 Rc8+ 37. Kd1 Rb8 38. Kc1 Kf7 39. Re3 Rc8+
40. Kd1 Bc2+ 41. Ke1 Rb8 42. Bc1 Ke6 43. Re2 Bb1 44. Be3 Rf8 45. Bd2 Rxf3 46.
Bxb4 Bd3 47. Rh2 Bxe4 48. Bxa3 d5 49. Bb2 d4 50. b4 Bd3 51. a4 Kd5 52. Kd2 Kc4
0-1

[Event "78th UKR-ch"]
[Site "Alushta UKR"]
[Date "2009.05.17"]
[Round "7"]
[White "Mazurchak, Bohdan"]
[WhiteElo "2164"]
[Black "Mamonova, Yulia"]
[BlackElo "2009"]
[Result "1-0"]
[EventDate "2009.05.10"]
[PlyCount "81"]

1. e4 c5 2. c3 d6 3. d4 Nf6 4. f3 Qc7 5. Be3 e6 6. Bd3 Nc6 7. Ne2 Bd7 8. a3 e5
9. d5 Nb8 10. c4 b5 11. O-O a6 12. Nbc3 Qb7 13. Qb3 b4 14. axb4 cxb4 15. Na4
Bxa4 16. Rxa4 Nbd7 17. Qxb4 Qc8 18. Rfa1 Be7 19. Qa3 Nc5 20. Bxc5 dxc5 21. Rxa6
Rb8 22. Nc3 O-O 23. Rc6 Qb7 24. Nb5 Qd7 25. Qc3 Ra8 26. Rxa8 Rxa8 27. Rc7 Ra1+
28. Bf1 Qd8 29. Qxe5 Nd7 30. Qf5 Nb6 31. b3 g6 32. Qf4 Nd7 33. e5 Nxe5 34. Qxe5
Bf6 35. Qf4 Qe8 36. Qe4 Qa8 37. d6 Qa2 38. Qe8+ Kg7 39. Qxf7+ Kh6 40. Qxh7+ Kg5
41. Rxc5+ 1-0

[Event "78th UKR-ch"]
[Site "Alushta UKR"]
[Date "2009.05.17"]
[Round "7"]
[White "Dementiev, Oleg"]
[WhiteElo "1959"]
[Black "Yermolkevych, Oleksii"]
[BlackElo "2097"]
[Result "1/2-1/2"]
[EventDate "2009.05.10"]
[PlyCount "104"]

1. e4 e6 2. d4 d5 3. Nc3 Bb4 4. e5 Ne7 5. Bd2 b6 6. a3 Bxc3 7. Bxc3 Ba6 8. Bxa6
Nxa6 9. Qd3 Qc8 10. Ne2 c5 11. O-O O-O 12. Ng3 cxd4 13. Qxd4 Rd8 14. Rad1 Qc4
15. Qe3 Qg4 16. Rd4 Qg6 17. Qe2 h5 18. Qxa6 Nc6 19. Rd2 d4 20. Qb7 dxc3 21.
Rxd8+ Rxd8 22. Qxc6 cxb2 23. Qe4 Rd2 24. Qxg6 fxg6 25. Rb1 Rxc2 26. Nf1 h4 27.
a4 Kf8 28. h3 Ke8 29. Kh2 Rc1 30. Nd2 Rxb1 31. Nxb1 Kd7 32. Kg1 Kc6 33. Kf1 Kc5
34. Ke2 Kb4 35. Kd3 Kb3 36. Nd2+ Ka2 37. Kc2 g5 38. Nb1 Ka1 39. Nc3 a6 40. Nb1
Ka2 41. Nc3+ Ka1 42. g4 hxg3 43. fxg3 g4 44. hxg4 g5 45. Nb1 Ka2 46. Nd2 Ka1
47. Nb1 Ka2 48. Nc3+ Ka1 49. Nb1 Ka2 50. Nc3+ Ka1 51. Nb1 Ka2 52. Nd2 Ka1
1/2-1/2

[Event "78th UKR-ch"]
[Site "Alushta UKR"]
[Date "2009.05.17"]
[Round "7"]
[White "Strygin, Alexandr"]
[WhiteElo "2092"]
[Black "Kravchenko, Leonid"]
[BlackElo "2180"]
[Result "1/2-1/2"]
[EventDate "2009.05.10"]
[PlyCount "126"]

1. e4 c5 2. Nf3 d6 3. d4 cxd4 4. Nxd4 Nf6 5. Nc3 a6 6. Bg5 e6 7. f4 Bd7 8. Qd2
h6 9. Bxf6 Qxf6 10. O-O-O Nc6 11. Nf3 Qd8 12. Be2 b5 13. Bd3 b4 14. Ne2 Qb6 15.
Bc4 Na5 16. Bb3 Nxb3+ 17. axb3 a5 18. Ne5 Bb5 19. Qd4 Qa6 20. Nd3 Qa7 21. Qxa7
Rxa7 22. Nd4 Bd7 23. c4 Be7 24. Kc2 Bf6 25. e5 dxe5 26. fxe5 Be7 27. Ra1 O-O
28. Ra2 Rc8 29. Kd2 Be8 30. Ke2 a4 31. Rc1 Rd7 32. Nb5 axb3 33. Ra7 Rxa7 34.
Nxa7 Ra8 35. Nb5 Bc6 36. g3 Bg5 37. Rb1 Bxb5 38. cxb5 Rb8 39. Nxb4 Rxb5 40. Nd3
Bd8 41. Rc1 Ba5 42. Rc8+ Kh7 43. Rf8 Rb7 44. Nc5 Bb4 45. Nxb7 Bxf8 46. Nd6 f6
47. Ne4 Kg6 48. Nd2 fxe5 49. Nxb3 Kf5 50. h3 Ke4 51. Nd2+ Kd5 52. Kd3 Bc5 53.
Ne4 Bd4 54. b4 Bb2 55. g4 Bd4 56. h4 Bb2 57. h5 Bd4 58. Nd2 Ba7 59. b5 e4+ 60.
Nxe4 Ke5 61. g5 hxg5 62. Nxg5 Kf5 63. Nf7 e5 1/2-1/2

[Event "78th UKR-ch"]
[Site "Alushta UKR"]
[Date "2009.05.17"]
[Round "7"]
[White "Chos, Alexei"]
[WhiteElo "2324"]
[Black "Matviychuk, Olexandr"]
[BlackElo "2149"]
[Result "1-0"]
[EventDate "2009.05.10"]
[PlyCount "113"]

1. e4 c5 2. Nf3 Nc6 3. d4 cxd4 4. Nxd4 e5 5. Nb5 a6 6. Nd6+ Bxd6 7. Qxd6 Qf6 8.
Qd1 Qg6 9. Nc3 d5 10. Nxd5 Qxe4+ 11. Be3 Nd4 12. Nc7+ Ke7 13. Rc1 Bg4 14. Qd3
Qxd3 15. Bxd3 Rd8 16. f3 Bc8 17. Bc4 Nf6 18. c3 b5 19. cxd4 exd4 20. Bd2 bxc4
21. Bb4+ Kd7 22. Rxc4 Ne8 23. Rxd4+ Nd6 24. Nxa6 Kc6 25. Nc5 Rhe8+ 26. Kf2 Nf5
27. Rxd8 Rxd8 28. Ne4 Kb5 29. Bc3 g6 30. Rc1 Be6 31. Bf6 Rd7 32. Rc5+ Kb6 33.
a4 Nd6 34. a5+ Kb7 35. Ng5 Ne8 36. Nxe6 Nxf6 37. Ng5 Rd2+ 38. Kg1 Rd1+ 39. Kf2
Rd2+ 40. Kf1 Rxb2 41. h4 Nh5 42. Nxf7 Nf4 43. Nd6+ Ka6 44. Rc6+ Ka7 45. g3 Nd5
46. Ne4 Kb7 47. Rd6 Ne3+ 48. Kg1 Kc7 49. Rd2 Rb3 50. Kf2 Ra3 51. Ng5 h6 52. Nf7
Nf5 53. Ne5 g5 54. hxg5 hxg5 55. g4 Rxa5 56. Rc2+ Kb7 57. Nc4 1-0

[Event "78th UKR-ch"]
[Site "Alushta UKR"]
[Date "2009.05.17"]
[Round "7"]
[White "Varchenko, Hryhorii"]
[WhiteElo "2125"]
[Black "Rudak, Vladimir"]
[BlackElo "2327"]
[Result "0-1"]
[EventDate "2009.05.10"]
[PlyCount "52"]

1. e4 e5 2. Nf3 Nc6 3. Bb5 Nge7 4. O-O g6 5. c3 Bg7 6. d4 exd4 7. cxd4 d5 8.
exd5 Nxd5 9. Re1+ Be6 10. Bxc6+ bxc6 11. Ng5 Qd6 12. Nd2 O-O 13. Nxe6 fxe6 14.
Nf3 Rab8 15. Qe2 Rfe8 16. b3 Nc3 17. Qc4 Nb5 18. Bb2 Qd5 19. Rac1 Rb6 20. Rc2
Rd8 21. Rxe6 Qxc4 22. Rxc4 c5 23. Re4 Nd6 24. dxc5 Nxe4 25. Rxe4 Rd1+ 26. Ne1
Rb4 0-1

[Event "78th UKR-ch"]
[Site "Alushta UKR"]
[Date "2009.05.17"]
[Round "7"]
[White "Lomakin, Viktor"]
[WhiteElo "2120"]
[Black "Ivanets, Serhii"]
[BlackElo "2228"]
[Result "0-1"]
[EventDate "2009.05.10"]
[PlyCount "116"]

1. d4 d5 2. c4 c6 3. Nf3 Nf6 4. e3 a6 5. Bd3 g6 6. O-O Bg7 7. Nbd2 O-O 8. b3
Bf5 9. Bxf5 gxf5 10. Qc2 Ne4 11. Bb2 Nd7 12. Rac1 Rc8 13. Rfd1 e6 14. Nf1 Re8
15. Ne5 Nf8 16. f3 Nf6 17. Qf2 Qe7 18. Ng3 Ng6 19. Nd3 Bh6 20. Ne2 Nd7 21. Nef4
Nxf4 22. Nxf4 Bxf4 23. exf4 b5 24. c5 Ra8 25. Bc3 a5 26. a4 Reb8 27. Qe1 Qd8
28. Ra1 Qc7 29. Bd2 Ra7 30. Kh1 Nf8 31. Ra3 Ng6 32. g3 h5 33. Rda1 b4 34. R3a2
h4 35. gxh4 Kh7 36. h5 Nh8 37. Be3 Rg8 38. Rd2 Qe7 39. Raa2 Raa8 40. Rg2 Kh6
41. Rad2 Raf8 42. Rg5 f6 43. Rgg2 Qf7 44. Qg1 Kh7 45. Rg3 Qxh5 46. Rdg2 Rg6 47.
Rxg6 Nxg6 48. Rg3 Kg7 49. Qf2 Rh8 50. Kg1 Kf7 51. Bd2 Qh4 52. h3 Nxf4 53. Bxf4
Qxf4 54. Kg2 Rh4 55. Qe2 Qc7 56. Qd3 Rh5 57. Qa6 f4 58. Rg4 f5 0-1

[Event "78th UKR-ch"]
[Site "Alushta UKR"]
[Date "2009.05.17"]
[Round "7"]
[White "Matsegora, Taras"]
[WhiteElo "2196"]
[Black "Podolsky, Anton"]
[BlackElo "2083"]
[Result "1-0"]
[EventDate "2009.05.10"]
[PlyCount "117"]

1. e4 c5 2. b3 Nc6 3. Bb2 Nf6 4. e5 Nd5 5. c4 Nc7 6. Nf3 Ne6 7. g3 g6 8. Bg2
Bg7 9. O-O d6 10. Re1 dxe5 11. Nc3 O-O 12. d3 Ned4 13. Ne4 Qa5 14. h3 Bf5 15.
Nfd2 Rad8 16. Bc3 Qb6 17. a3 Rd7 18. Rb1 a5 19. Nf1 Bxe4 20. Bxe4 f5 21. Bg2 f4
22. Be4 f3 23. Bd2 Ne2+ 24. Kh1 Ncd4 25. Kh2 h5 26. h4 Qf6 27. Ne3 e6 28. Nf1
Nf4 29. Kh1 Ng2 30. Nh2 Nxe1 31. Qxe1 b6 32. b4 axb4 33. axb4 cxb4 34. Bxb4 Nc2
35. Qd2 Nxb4 36. Rxb4 Rfd8 37. Qe3 Rb8 38. c5 b5 39. c6 Bf8 40. Rb3 Rc7 41.
Nxf3 b4 42. Kg2 Rb5 43. Qe1 Ra5 44. Qe3 Bc5 45. Qc1 Kg7 46. Rb2 Qe7 47. Qc4 Qd6
48. Rc2 Rc8 49. Ng5 49... Re8 $11 50. Bf3 Bb6 51. Ne4 Qd4 52. c7 Qxc4 53. Rxc4
Bxc7 54. Rxc7+ Kf8 55. Rb7 Ra3 56. Nc5 Rc3 57. Nd7+ Ke7 58. Nxe5+ Kd6 59. d4
1-0

[Event "78th UKR-ch"]
[Site "Alushta UKR"]
[Date "2009.05.17"]
[Round "7"]
[White "Havrysh, Leonid"]
[WhiteElo "2155"]
[Black "Burdalev, Kirill"]
[BlackElo "2217"]
[Result "1/2-1/2"]
[EventDate "2009.05.10"]
[PlyCount "86"]

1. d4 Nf6 2. c4 g6 3. Nc3 Bg7 4. e4 d6 5. Nf3 O-O 6. Be2 e5 7. O-O exd4 8. Nxd4
Re8 9. f3 Nc6 10. Be3 Nh5 11. f4 Nf6 12. Bf3 Bg4 13. Nxc6 Bxf3 14. Qxf3 bxc6
15. e5 dxe5 16. Rad1 Qb8 17. fxe5 Rxe5 18. Bd4 Re6 19. Ne4 Rxe4 20. Bxf6 Qe8
21. Bxg7 Kxg7 22. Qf6+ Kg8 23. Rd3 Re1 24. b3 Rxf1+ 25. Kxf1 Qe4 26. Qd4 Qf5+
27. Kg1 Re8 28. Rd1 Qa5 29. Rd2 Qa3 30. h3 Qc1+ 31. Kh2 h5 32. Qf4 a5 33. h4 c5
34. Qg5 Qe1 35. Rd8 Rxd8 36. Qxd8+ Kg7 37. Qxc7 Qxh4+ 38. Kg1 Qd4+ 39. Kh2 a4
40. bxa4 Qxc4 41. a5 Qh4+ 42. Kg1 Qd4+ 43. Kh2 Qh4+ 1/2-1/2

[Event "78th UKR-ch"]
[Site "Alushta UKR"]
[Date "2009.05.17"]
[Round "7"]
[White "Labenskyi, Ihor"]
[WhiteElo "2304"]
[Black "Zaichuk, Vitalii"]
[BlackElo "2038"]
[Result "1-0"]
[EventDate "2009.05.10"]
[PlyCount "89"]

1. d4 d6 2. c4 g6 3. Nc3 Bg7 4. e4 e5 5. d5 f5 6. exf5 gxf5 7. f4 e4 8. Be3 Nf6
9. Be2 O-O 10. Nh3 Qe7 11. Nf2 c6 12. Qd2 cxd5 13. cxd5 Na6 14. O-O Bd7 15.
Rac1 Rfc8 16. Nb5 Bxb5 17. Bxb5 Nc7 18. Bc4 Kh8 19. Bb3 Rg8 20. Rc2 Na6 21. Bc4
Rgc8 22. Rfc1 Nc7 23. Bb3 Qd7 24. h3 h5 25. Nd1 a5 26. Bb6 Na6 27. Rxc8+ Rxc8
28. Rxc8+ Qxc8 29. Qxa5 Qc1 30. Be3 Qc8 31. Qd2 Kh7 32. a3 Nc5 33. Bc2 Ncd7 34.
Nc3 Nf8 35. Bb3 Ng6 36. Nb5 Qd7 37. Nd4 h4 38. Ne6 Bh6 39. Qe2 b5 40. Bd4 Ne8
41. Qh5 Qc8 42. Ng5+ Kg8 43. Qxg6+ Bg7 44. Qh7+ Kf8 45. Bxg7+ 1-0

[Event "78th UKR-ch"]
[Site "Alushta UKR"]
[Date "2009.05.17"]
[Round "7"]
[White "Arkhipov, Vladimir"]
[WhiteElo "2183"]
[Black "Harnazhenko, Dmytro"]
[BlackElo "1890"]
[Result "1-0"]
[EventDate "2009.05.10"]
[PlyCount "117"]

1. Nf3 Nf6 2. g3 b6 3. Bg2 Bb7 4. c4 e6 5. b3 Be7 6. Bb2 O-O 7. O-O d6 8. Nc3
Ne4 9. Qc2 Nxc3 10. Bxc3 f5 11. d4 Be4 12. Qb2 Nd7 13. Bh3 Qe8 14. Rfe1 Qh5 15.
Bf1 Rf6 16. Bd2 Rg6 17. Bf4 Rf8 18. Bg2 h6 19. b4 Rgf6 20. Qa3 g5 21. Bc1 Ra8
22. Qa4 Nf8 23. Bb2 Qe8 24. Qxe8 Rxe8 25. a4 Ng6 26. a5 Rf7 27. axb6 axb6 28.
Ra7 Bf6 29. Rea1 e5 30. d5 Bxf3 31. exf3 Kg7 32. Rb7 f4 33. Raa7 Ree7 34. Bh3
Kh7 35. Be6 Rg7 36. Ra8 h5 37. Rbb8 Kh6 38. Bf5 Rh7 39. Ba3 Rh8 40. Rxh8+ Nxh8
41. Rg8 Bg7 42. Kf1 Rf7 43. Be6 Rf8 44. Rxf8 Bxf8 45. Ke2 Ng6 46. Kd3 Ne7 47.
c5 bxc5 48. bxc5 dxc5 49. Bxc5 Kg6 50. Ke4 Kf6 51. Bd7 Bg7 52. Ba7 Ng8 53. Be6
Bf8 54. Bxg8 Bd6 55. h4 gxh4 56. gxh4 Kg6 57. Be6 Kf6 58. Bc8 Kg6 59. Bd7 1-0